<?xml version="1.0" encoding="UTF-8"?><?xml-stylesheet type="text/xsl" href="static/style.xsl"?><OAI-PMH xmlns="http://www.openarchives.org/OAI/2.0/" xmlns:xsi="http://www.w3.org/2001/XMLSchema-instance" xsi:schemaLocation="http://www.openarchives.org/OAI/2.0/ http://www.openarchives.org/OAI/2.0/OAI-PMH.xsd"><responseDate>2026-06-29T01:40:23Z</responseDate><request verb="GetRecord" identifier="oai:docta.ucm.es:20.500.14352/95384" metadataPrefix="marc">https://docta.ucm.es/rest/oai/request</request><GetRecord><record><header><identifier>oai:docta.ucm.es:20.500.14352/95384</identifier><datestamp>2025-09-04T15:24:23Z</datestamp><setSpec>com_20.500.14352_14</setSpec><setSpec>col_20.500.14352_21</setSpec></header><metadata><record xmlns="http://www.loc.gov/MARC21/slim" xmlns:dcterms="http://purl.org/dc/terms/" xmlns:xsi="http://www.w3.org/2001/XMLSchema-instance" xmlns:doc="http://www.lyncode.com/xoai" xsi:schemaLocation="http://www.loc.gov/MARC21/slim http://www.loc.gov/standards/marcxml/schema/MARC21slim.xsd">
   <leader>00925njm 22002777a 4500</leader>
   <datafield ind2=" " ind1=" " tag="042">
      <subfield code="a">dc</subfield>
   </datafield>
   <datafield ind2=" " ind1=" " tag="720">
      <subfield code="a">García Naharro, Fernando</subfield>
      <subfield code="e">author</subfield>
   </datafield>
   <datafield ind2=" " ind1=" " tag="260">
      <subfield code="c">2019</subfield>
   </datafield>
   <datafield ind2=" " ind1=" " tag="520">
      <subfield code="a">Las contribuciones de este volumen buscan entablar un diálogo entre la academia y los profesionales del sector editorial en torno a las ferias del libro y la relación entre el formato del País Invitado de Honor y los campos político, económico y cultural. Mediante los relatos y experiencias de las gentes del libro unidos a los primeros resultados del proyecto de investigación “Las ferias del libro como espacios de negociación cultural y económica” (EUF/DFG), el presente volumen ofrece al lector una visión distinta de las ferias del libro, entendidas aquí como espacios de negociación político-cultural, estético-mediática y económica, centrándose para ello en los casos más significativos del ámbito europeo e iberoamericano: la Feria del Libro de Madrid y LIBER (España), la Feria Internacional del Libro de Guadalajara (México) y la Feria del Libro de Frankfurt (Alemania).</subfield>
   </datafield>
   <datafield ind1="8" ind2=" " tag="024">
      <subfield code="a">978-84-9192-028-1</subfield>
   </datafield>
   <datafield ind1="8" ind2=" " tag="024">
      <subfield code="a">https://hdl.handle.net/20.500.14352/95384</subfield>
   </datafield>
   <datafield ind1="8" ind2=" " tag="024">
      <subfield code="a">https://www.iberoamericana-vervuert.es/FichaLibro.aspx?P1=155772</subfield>
   </datafield>
   <datafield ind2="0" ind1="0" tag="245">
      <subfield code="a">Actores anejos al campo editorial: el caso de la Feria del Libro de Madrid</subfield>
   </datafield>
</record></metadata></record></GetRecord></OAI-PMH>